| 000 | 01009nam a2200205Ia 4500 | ||
|---|---|---|---|
| 003 | Ost | ||
| 005 | 20260507075122.0 | ||
| 008 | 260507s9999||||xx |||||||||||||| ||und|| | ||
| 040 | _cfsecg | ||
| 041 | _aara | ||
| 082 | _a330 | ||
| 100 |
_aالصيفي، عبد الله علي محمود _eمؤلف |
||
| 245 | 0 |
_aالشركة القابضة وأحكامها في الفقه الإسلامي / _c عبد الله علي محمود الصيفي |
|
| 260 |
_aعمان: _bدار النفائس, _c2006 |
||
| 300 |
_a176 صفحة؛ _c24 سم |
||
| 520 | _aالتعريف بالشركة القابضة-نشأة الشركة القابضة-التأصيل الفقهي للشركة القابضة والأحكام الشرعية المتعلقة بها-الأهمية الإقتصادية للشركة القابضة-مشروع مقترح للشركة القابضة الإسلامية | ||
| 653 | _aالشركة القابضة الإسلامية | ||
| 653 | _aالشركةالقابضة | ||
| 942 | _cكتاب | ||
| 999 |
_c43093 _d43093 |
||